The declaration of independence / (Record no. 1116)

MARC details
000 -LEADER
fixed length control field 01073cam a22003013a 4500
005 - DATE AND TIME OF LATEST TRANSACTION
control field 20230815110354.0
020 ## - INTERNATIONAL STANDARD BOOK NUMBER
International Standard Book Number 0439178762 (pbk.)
040 ## - CATALOGING SOURCE
Original cataloging agency IMF
Transcribing agency IMF
Modifying agency OCL
-- DLC
Language of cataloging eng
050 00 - LIBRARY OF CONGRESS CALL NUMBER
Classification number PZ7.M4739
082 ## - DEWEY DECIMAL CLASSIFICATION NUMBER
Classification number 808.81
100 1# - MAIN ENTRY--PERSONAL NAME
Personal name Mazer, Anne
245 14 - TITLE STATEMENT
Title The declaration of independence /
Statement of responsibility, etc. Anne Mazer.
260 ## - PUBLICATION, DISTRIBUTION, ETC.
Place of publication, distribution, etc. New York :
Name of publisher, distributor, etc. Scholastic,
Date of publication, distribution, etc. 2000.
300 ## - PHYSICAL DESCRIPTION
Extent 112 pages :
Other physical details illustrations ;
Dimensions 20 cm
490 1# - SERIES STATEMENT
Series statement The amazing days of Abby Hayes ;
Volume/sequential designation Book 2
500 ## - GENERAL NOTE
General note "An Apple paperback."
505 ## - FORMATTED CONTENTS NOTE
Formatted contents note N <br/>
520 ## - SUMMARY, ETC.
Summary, etc. "This year the Fall Festival at the high school will be the best ever. Abby wants to go with her friends--not her parents and little brother. But first she has to prove how mature she has become..."
521 0# - TARGET AUDIENCE NOTE
Target audience note 580 <br/>
Source Lexile <br/>
521 1# - TARGET AUDIENCE NOTE
Target audience note N <br/>
Source Raz-Plus <br/>
650 #0 - SUBJECT ADDED ENTRY--TOPICAL TERM
Topical term or geographic name entry element High school students
Form subdivision Fiction.
650 #0 - SUBJECT ADDED ENTRY--TOPICAL TERM
Topical term or geographic name entry element Schools
Form subdivision Fiction.
655 #7 - INDEX TERM--GENRE/FORM
Genre/form data or focus term Children's stories.
Source of term lcsh
906 ## - LOCAL DATA ELEMENT F, LDF (RLIN)
a 7
b cbc
c copycat
d 2
e ncip
f 20
g y-genrareb
942 ## - ADDED ENTRY ELEMENTS (KOHA)
Source of classification or shelving scheme Dewey Decimal Classification
Koha item type Books
Suppress in OPAC No
999 ## -
-- 1116
-- 1116
Holdings
Withdrawn status Lost status Source of classification or shelving scheme Damaged status Not for loan Collection Home library Current library Shelving location Date acquired Total Checkouts Full call number Barcode Date last seen Date last checked out Price effective from Koha item type
    Dewey Decimal Classification     Fiction Footprints International School Library Network Toul Kork Campus Footprints International School Library Network Toul Kork Campus   08/01/2023 2 MAZ Fic PZ7.M4739 FIS00405 02/20/2024 02/06/2024 08/01/2023 Books